An experimental laboratory study to evaluate the performance of asphalt concrete mix design using bottom ash and blast furnace slag as partial replacement of fine aggregate at high tempratures (Record no. 551375)
[ view plain ]
| 000 -LEADER | |
|---|---|
| fixed length control field | 00523nam a22001457a 4500 |
| 082 ## - DEWEY DECIMAL CLASSIFICATION NUMBER | |
| Classification number | T-70 |
| 100 ## - MAIN ENTRY--PERSONAL NAME | |
| Personal name | Muhammad Salman |
| 9 (RLIN) | 15906 |
| 245 ## - TITLE STATEMENT | |
| Title | An experimental laboratory study to evaluate the performance of asphalt concrete mix design using bottom ash and blast furnace slag as partial replacement of fine aggregate at high tempratures |
| Statement of responsibility, etc. | Muhammad Salman |
| 260 ## - PUBLICATION, DISTRIBUTION, ETC. | |
| Date of publication, distribution, etc. | 1997 |
| 300 ## - PHYSICAL DESCRIPTION | |
| Extent | 195 P, : |
| 526 ## - STUDY PROGRAM INFORMATION NOTE | |
| Program name | 0 |
| Interest level | 0 |
| Reading level | 0 |
| Title point value | T_70 |
| 650 ## - SUBJECT ADDED ENTRY--TOPICAL TERM | |
| Topical term or geographic name entry element | Thesis |
| 9 (RLIN) | 34811 |
| 700 ## - ADDED ENTRY--PERSONAL NAME | |
| Personal name | Col Dr Shamshad Ahmad Khan |
| 9 (RLIN) | 48418 |
| 942 ## - ADDED ENTRY ELEMENTS (KOHA) | |
| Source of classification or shelving scheme | |
| Koha item type | Book |
| Withdrawn status | Lost status | Source of classification or shelving scheme | Damaged status | Not for loan | Permanent Location | Current Location | Date acquired | Total Checkouts | Full call number | Barcode | Date last seen | Price effective from | Koha item type | Public note |
|---|---|---|---|---|---|---|---|---|---|---|---|---|---|---|
| Military College of Engineering (MCE) | Military College of Engineering (MCE) | 12/12/2014 | T-70 | MCE-T-70 | 12/12/2014 | 12/12/2014 | Book | Thesis |
